=LDR 00000nam 2200000 4500 =001 INLIS000000000009963 =005 20130612101720 =008 ***********************************Ind** =035 ##$$0010-061300000009963 =041 ##$$a Ind =082 ##$$a 028.5 =090 ##$$a 028.5, Beg a =100 ##$$a Beggito, Valintina =245 ##$$a Apakah fungsi itu ?, Valintina Beggio ; alih bahasa, Esther S. Manjani =260 ##$$a 1995 $b Jakarta =300 ##$$a 24 hlm, ilus, 1995 =650 ##$$a Bacaan anak-anak =850 ##$$a NBPNMAT